000 00578nam a2200181 4500
005 20250402160835.0
010 _aENG-144447
020 _a9789357319812
_c499.00
035 _aEN-127979
037 _bDBAD
082 _a796.332
100 _aGanguly, Swayam
_980144
245 _aChambers Book of Football Facts/
_cSwayam Ganguly
260 _aGurugram
_bHachette Books Publishing
_c2024
270 _a4th and 5th Floor, Corporate Centre, Plot No.-94, Sector 44,
_bGurugram
_e122003
300 _a312p.
_c20cm(pb)
_bIndex
942 _2ddc
_cEN
_h796.332
_mGAN
999 _c210686
_d210686